[Event "2015 BCC #11"]
[Site "Boise, ID"]
[Date "2015.10.24"]
[Round "1.2"]
[White "Inman, James"]
[Black "Zaklan, David"]
[Result "1-0"]
[WhiteElo "1768"]
[BlackElo "1495"]
[EventRounds "4"]
[EventCountry "USA"]

1. d4 d5 2. c4 c6 3. Nc3 Nf6 4. e3 Bf5 5. cxd5 cxd5 6. Qb3 Qd7 7. Nf3 Nc6 8.
Ne5 Qc7 9. Bb5 a6 10. Qa4 Rc8 11. Bxc6+ bxc6 12. Bd2 Qb7 13. b4 e6 14. a3 Be7
15. O-O O-O 16. Rfc1 Rfd8 17. Ne2 Rd6 18. f3 Qb5 19. Nc3 Qxa4 20. Nxa4 Nd7 21.
Nxd7 Rxd7 22. Nb6 Rdc7 23. Nxc8 Rxc8 24. Rc3 Bf6 25. g4 Bg6 26. Rac1 e5 27.
Rxc6 Rf8 28. dxe5 Bxe5 29. Bc3 Bb8 30. Rxa6 Bd3 31. Ra5 Bc4 32. Kg2 Bc7 33.
Rc5 Bb6 34. Rxc4 dxc4 35. Bd4 Bxd4 36. exd4 Rc8 37. b5 c3 38. a4 Rc4 39. b6
Rxa4 40. Rxc3 Kf8 41. b7 Rb4 42. Rc8+ Ke7 43. b8=Q Rxb8 44. Rxb8 h6 45. Rb6 g6
46. f4 f6 47. Kf3 g5 48. f5 h5 49. gxh5 g4+ 50. Kxg4 Kf7 51. Rb7+ Kg8 52. h6
Kh8 53. Kh5 Kg8 54. Kg6 Kf8 55. h7 {#r} 1-0

[Event "2015 BCC #11"]
[Site "Boise, ID"]
[Date "2015.10.24"]
[Round "2.2"]
[White "Buus, Jarod N"]
[Black "Inman, James"]
[Result "0-1"]
[WhiteElo "1747"]
[BlackElo "1768"]
[EventRounds "4"]
[EventCountry "USA"]

1. e4 c6 2. d4 d5 3. exd5 cxd5 4. c4 Nf6 5. Nc3 Nc6 6. Bg5 dxc4 7. d5 Ne5 8.
Bxc4 Nxc4 9. Qa4+ Bd7 10. Qxc4 Rc8 11. Qe2 Qa5 12. Bxf6 gxf6 13. Rc1 Bh6 14.
d6 Qe5 15. Qxe5 fxe5 16. Rd1 e6 17. Nf3 f6 18. g4 Rg8 19. Ne4 Kf7 20. g5 Bxg5
21. Nexg5+ fxg5 22. Nxe5+ Ke8 23. Kd2 Rc5 24. Rhe1 Rf8 25. f3 Rf5 26. Nxd7
Kxd7 27. Re3 Rfd5+ 28. Rd3 Rxd3+ 29. Kxd3 Rd5+ 30. Ke2 Rxd1 31. Kxd1 Kxd6 32.
Kd2 Kd5 33. Kd3 Ke5 34. Ke3 Kf5 35. b3 Ke5 36. a3 b6 37. Kd3 Kf4 38. Ke2 e5
39. Kf2 e4 40. fxe4 Kxe4 41. Kg3 h5 42. h3 Ke3 43. b4 b5 {#R} 0-1

[Event "2015 BCC #11"]
[Site "Boise, ID"]
[Date "2015.10.24"]
[Round "4.2"]
[White "Amen, Chris"]
[Black "Inman, James"]
[Result "1/2-1/2"]
[WhiteElo "1698"]
[BlackElo "1768"]
[EventRounds "4"]
[EventCountry "USA"]

1. e4 c6 2. d4 d5 3. e5 Bf5 4. Nc3 e6 5. g4 Bg6 6. Nge2 Ne7 7. h4 h5 8. g5 Nd7
9. Be3 Nf5 10. Nf4 Qb6 11. Na4 Qa5+ 12. c3 Nxe3 13. fxe3 Be4 14. Rg1 b5 15.
Nc5 Nxc5 16. b4 Qa3 17. bxc5 Qxc3+ 18. Kf2 g6 19. a4 b4 20. a5 b3 21. Bd3 Bxd3
22. Qxd3 Qxd3 23. Nxd3 Rb8 24. Rgb1 Be7 25. Ra3 b2 26. Rxb2 Rxb2+ 27. Nxb2 Kd7
28. Rb3 Kc7 29. a6 Rb8 30. Rxb8 Kxb8 31. Nd3 Bd8 32. Nc1 Ba5 33. Nb3 Bc3 34.
Ke2 Kc7 35. Nc1 Kd7 36. Nd3 Kc7 37. Nf4 Kd7 38. Ng2 Ba5 39. Kd3 Bd8 40. e4 Ba5
41. Ke3 Bc3 {#d} 1/2-1/2

[Event "SIO (Open)"]
[Site "Twin Falls, ID"]
[Date "2015.11.14"]
[Round "4.5"]
[White "Zaklan, David"]
[Black "Inman, James"]
[Result "0-1"]
[WhiteElo "1475"]
[BlackElo "1783"]
[EventRounds "4"]
[EventCountry "USA"]

1. d4 Nf6 2. c4 g6 3. Nf3 Bg7 4. Nbd2 d5 5. e3 O-O 6. Bd3 dxc4 7. Nxc4 Nbd7 8.
O-O c5 9. b3 cxd4 10. exd4 Nb6 11. Bb2 Nbd5 12. Qd2 b6 13. Rfe1 Bb7 14. Ne3
Nf4 15. Be2 Ne4 16. Qd1 Nxe2+ 17. Qxe2 Rc8 18. Rac1 Qd7 19. Red1 Rxc1 20. Rxc1
Rc8 21. Nc4 Qb5 22. Qd1 Rd8 23. a4 Qh5 24. Ne3 Nc5 25. b4 Bxf3 26. gxf3 Ne6
27. Ba1 Bxd4 28. Bxd4 Nxd4 29. Kg2 Ne6 30. Qc2 Nf4+ 31. Kf1 Qxf3 32. Kg1 Nh3+
33. Kf1 Qh1+ 34. Ke2 Nf4# 0-1

[Event "BCC #12"]
[Site "Boise, ID"]
[Date "2015.12.05"]
[Round "1.1"]
[White "Inman, James"]
[Black "Zaklan, David"]
[Result "0-1"]
[WhiteElo "1770"]
[BlackElo "1457"]

1. d4 d5 2. c4 c6 3. Nc3 Nf6 4. e3 e6 5. Nf3 Nbd7 6. b3 Be7 7. Bd3 O-O 8. Bb2
b6 9. O-O c5 10. cxd5 exd5 11. Re1 Bb7 12. Rc1 Re8 13. Bb1 Nf8 14. Ne5 Bd6 15.
Nb5 Be7 16. dxc5 bxc5 17. Nd3 a6 18. Nc3 Rc8 19. Na4 c4 20. Ne5 Bd6 21. Nf3
Bb4 22. Nc3 Qd6 23. Nd4 Ne4 24. Nxe4 dxe4 25. Nf5 Qc5 26. Nxg7 Red8 27. Qg4
Ng6 28. Red1 Rxd1+ 29. Rxd1 c3 30. Nh5 cxb2 31. Nf6+ Kh8 32. Qh3 Kg7 33. Ng4
h5 34. Nf6 Kxf6 35. Qd7 Rc7 36. Qd8+ Re7 37. h3 Qc7 38. Qd4+ Ne5 39. Qxb4 Nd3
40. Bxd3 exd3 41. Qd4+ Qe5 42. Qxd3 Be4 43. Qxa6+ Re6 44. Qf1 b1=Q 45. Rxb1
Bxb1 46. Qxb1 Rd6 47. a4 Qd5 48. f3 Qd1+ 49. Qxd1 Rxd1+ 50. Kf2 Rd2+ 51. Kg3
Kg6 52. b4 Rb2 53. b5 Rb4 54. e4 Rxa4 55. Kf4 Rb4 56. g4 h4 57. g5 Rxb5 58.
Kg4 Rxg5+ 59. Kxh4 Rg1 60. f4 f6 61. f5+ Kh6 62. e5 fxe5 63. f6 Kg6 64. f7
Kxf7 65. Kh5 e4 66. h4 e3 67. Kh6 e2 68. h5 e1=Q 69. Kh7 Qe4+ 70. Kh6 Qf4+ 71.
Kh7 Rg7+ 72. Kh8 Qh6# 0-1

[Event "BCC #12"]
[Site "Boise, ID"]
[Date "2015.12.05"]
[Round "2.4"]
[White "Siek, Justin"]
[Black "Inman, James"]
[Result "0-1"]
[WhiteElo "1270"]
[BlackElo "1770"]

1. e4 c6 2. d4 d5 3. e5 Bf5 4. Bd3 Bxd3 5. Qxd3 e6 6. Nf3 Qa5+ 7. c3 Qa6 8.
Qxa6 Nxa6 9. O-O Ne7 10. a3 c5 11. Be3 Nf5 12. Nbd2 Nxe3 13. fxe3 Be7 14. b4
c4 15. Rae1 b5 16. e4 Nc7 17. Ra1 g5 18. a4 g4 19. Ne1 Bg5 20. Nb1 dxe4 21.
Nc2 bxa4 22. Rxa4 Nd5 23. g3 O-O 24. Nba3 Nxc3 25. Ra6 Rfc8 26. b5 Be7 27. Re1
Bg5 28. Kg2 Bd2 29. Ra1 Nd5 30. Nb1 Ne3+ 31. Nxe3 Bxe3 32. Rxa7 Rxa7 33. Rxa7
Bxd4 34. Rd7 Bxe5 35. Rd1 c3 36. Rc1 Bd4 37. b6 Bxb6 38. Rxc3 Rxc3 39. Nxc3 f5
40. Kf1 Kf7 41. Ne2 e5 42. Kg2 Bd4 43. h3 h5 44. h4 Bb2 45. Kf1 Ke6 46. Ke1
Kd5 47. Kd1 Kc4 48. Kc2 Bd4 49. Kd2 f4 50. gxf4 e3+ 51. Ke1 exf4 52. Nxf4 Bf6
53. Ke2 Kd4 54. Nxh5 Bxh4 55. Nf4 Ke4 56. Ng2 Bg5 57. Ne1 Kf4 58. Ng2+ Kg3 59.
Ne1 Kh2 60. Kf1 Bh4 61. Nd3 Bf2 62. Nf4 Kg3 63. Ne2+ Kf3 64. Nd4+ Ke4 65. Ne2
g3 66. Kg2 Kd3 67. Nf4+ Kd2 68. Kf1 Kd1 69. Kg2 e2 70. Nxe2 Kxe2 71. Kh1 Be1
72. Kg2 Ke3 73. Kf1 Kf3 74. Kxe1 g2 75. Kd2 g1=Q 76. Kd3 Qc5 77. Kd2 Qa3 78.
Kc2 Ke3 79. Kd1 Qb2 80. Ke1 Qc1# 0-1

[Event "BCC #12"]
[Site "Boise, ID"]
[Date "2015.12.05"]
[Round "3.3"]
[White "Inman, James"]
[Black "Reynolds, Jeff B"]
[Result "1-0"]
[WhiteElo "1770"]
[BlackElo "1526"]

1. d4 c6 2. c4 d5 3. Nc3 Bf5 4. cxd5 cxd5 5. Qb3 Qd7 6. Qxd5 Nf6 7. Qxd7+
Nbxd7 8. f3 e6 9. e4 Bg6 10. Nge2 Nb6 11. Nf4 Rd8 12. Bb5+ Nfd7 13. h4 h6 14.
Nxg6 fxg6 15. Be3 a6 16. Bd3 Bb4 17. a3 Bd6 18. e5 Be7 19. Bxg6+ Kf8 20. b3
Rc8 21. Kd2 Kg8 22. Rhc1 Nf8 23. Be4 g6 24. Bxb7 Kg7 {#r} 1-0

[Event "FM David Lucky Simul"]
[Site "Boise, ID"]
[Date "2016.01.30"]
[Round "10"]
[White "Lucky, David"]
[Black "Inman, James"]
[Result "1-0"]
[WhiteElo "2381"]
[BlackElo "1762"]
[EventCountry "USA"]

1. Nf3 d5 2. d4 Nf6 3. c4 dxc4 4. e3 e6 5. Bxc4 c5 6. O-O a6 7. Nc3 Nc6 8. Qe2
cxd4 9. Rd1 Be7 10. exd4 O-O 11. d5 exd5 12. Nxd5 Nxd5 13. Bxd5 Qc7 14. Bg5
Bg4 15. Bxe7 Nxe7 16. Rac1 Nc6 17. Qe4 Bxf3 18. Qxf3 Rac8 19. Bxc6 Rfd8 20.
Rxd8+ Rxd8 21. g3 Rc8 22. Qd3 Rd8 23. Qc4 bxc6 24. Qxa6 Rc8 25. b4 g6 26. b5
c5 27. b6 Qc6 28. Qa7 Ra8 29. Qc7 Rc8 30. Qxc6 Rxc6 31. Rb1 Rc8 32. a4 Kf8 33.
b7 Rb8 34. a5 Ke7 35. a6 Kd6 36. a7 Kc7 37. a8=Q {#r} 1-0

[Event "Idaho Closed"]
[Site "Twin Falls, ID"]
[Date "2016.02.13"]
[Round "1.6"]
[White "Nyblade III, Wesley"]
[Black "Inman, James"]
[Result "0-1"]
[WhiteElo "1217"]
[BlackElo "1762"]
[EventRounds "6"]
[EventCountry "USA"]

1. d3 d5 2. Nd2 Nf6 3. g3 Bf5 4. Bg2 c6 5. b3 Nbd7 6. Bb2 e6 7. Ngf3 Bd6 8.
O-O h6 9. c4 O-O 10. Rb1 Re8 11. Nd4 Bh7 12. Re1 e5 13. cxd5 exd4 14. dxc6
bxc6 15. Bxc6 Rc8 16. Bg2 Bc5 17. Nc4 Nb6 18. Na5 Bb4 19. Nc6 Rxc6 20. Bxc6
Re6 21. Bg2 Bxe1 22. Qxe1 Bxd3 23. Rd1 Rxe2 24. Qf1 Rxb2 25. Qxd3 Rxa2 26. Qb1
Re2 27. Qa1 d3 28. Bf1 Re7 29. Bxd3 Rd7 30. Bc2 Rxd1+ 31. Bxd1 Qd3 32. Qc1 g6
33. Bc2 Qc3 34. Qb1 Kg7 35. Kg2 Nbd5 36. Bd1 Qd2 37. Kg1 Nc3 38. Qc2 Qxd1+ 39.
Qxd1 Nxd1 40. Kf1 Ne4 41. f3 Nec3 42. Ke1 Kf6 43. Kd2 Ke5 44. Kd3 Kd5 45. h4
Nb5 46. g4 a5 47. f4 Nf2+ 48. Ke3 Nxg4+ 49. Kd3 h5 50. Kc2 Ke4 51. Kd2 Nf2 52.
Ke2 Nd3 53. Kd2 Nxf4 54. Ke1 f5 55. Kf2 Nd3+ 56. Kg3 f4+ 57. Kh3 Kf3 58. Kh2
Kf2 59. Kh3 Nd4 60. Kh2 Ne1 61. Kh3 Nxb3 62. Kh2 a4 63. Kh3 a3 64. Kh2 a2 65.
Kh3 a1=Q 66. Kh2 Nf3+ 67. Kh3 Qh1# 0-1

[Event "Idaho Closed"]
[Site "Twin Falls, ID"]
[Date "2016.02.14"]
[Round "3.3"]
[White "Amen, Chris"]
[Black "Inman, James"]
[Result "0-1"]
[WhiteElo "1655"]
[BlackElo "1762"]
[EventRounds "6"]
[EventCountry "USA"]

1. e4 c6 2. d4 d5 3. e5 Bf5 4. Nf3 e6 5. Be2 c5 6. Be3 cxd4 7. Nxd4 Ne7 8. c4
Nbc6 9. Qa4 a6 10. Nxc6 Nxc6 11. f4 Bb4+ 12. Bd2 Bxd2+ 13. Nxd2 O-O 14. Nb3
Be4 15. O-O dxc4 16. Qxc4 Bd5 17. Qc3 Qb6+ 18. Kh1 Rac8 19. Qg3 Ne7 20. Bd3 g6
21. Nd2 Qxb2 22. Ne4 Bxe4 23. Bxe4 Nf5 24. Qf2 Qxf2 25. Rxf2 Rc7 26. Rb2 Rfc8
27. g3 Ne3 28. Kg1 Rc1+ 29. Rxc1 Rxc1+ 30. Kf2 Nd1+ {#R} 0-1

[Event "Idaho Closed"]
[Site "Twin Falls, ID"]
[Date "2016.02.14"]
[Round "4.1"]
[White "Inman, James"]
[Black "Lucky, David"]
[Result "0-1"]
[WhiteElo "1762"]
[BlackElo "2381"]
[EventRounds "6"]
[EventCountry "USA"]

1. d4 Nf6 2. c4 e6 3. Nc3 Bb4 4. Qc2 O-O 5. Nf3 c5 6. dxc5 Nc6 7. Bd2 Bxc5 8.
e3 d5 9. cxd5 exd5 10. a3 d4 11. exd4 Nxd4 12. Nxd4 Qxd4 13. Be3 Qe5 14. Nd1
Bxe3 15. Nxe3 Nd5 16. Qe2 Bf5 17. Nxf5 Qxf5 18. Qb5 Rfe8+ 19. Be2 a6 20. Qxb7
Nf4 21. Kf1 Nxe2 22. Re1 Qd3 {#R} 0-1

[Event "Idaho Closed"]
[Site "Twin Falls, ID"]
[Date "2016.02.15"]
[Round "5.2"]
[White "Inman, James"]
[Black "Landon, Lloyd"]
[Result "1/2-1/2"]
[WhiteElo "1762"]
[BlackElo "1842"]
[EventRounds "6"]
[EventCountry "USA"]

1. d4 d5 2. c4 c6 3. Nc3 Nf6 4. e3 g6 5. Nf3 Bg7 6. b3 O-O 7. Bd3 Bg4 8. h3
Bxf3 9. Qxf3 e6 10. O-O Nbd7 11. Qe2 Re8 12. cxd5 exd5 13. Bb2 Ne4 14. Nxe4
dxe4 15. Bb1 Nb6 16. Rd1 Qg5 17. a3 a5 18. Ba2 Bf8 19. Rac1 h5 20. Rc2 Red8
21. Bc1 Qf5 22. Rf1 Bd6 23. f3 Nd5 24. Bb1 exf3 25. Rxf3 Qe4 26. Qf1 f5 27.
Rb2 Qe7 28. Ra2 Nc3 29. Qc4+ Nd5 30. Re2 b5 31. Qxc6 Nf6 32. Qxb5 Rdc8 33. Rf1
Rab8 34. Qxa5 Kh7 35. b4 Bc7 36. Qa4 Qd6 {#d} 1/2-1/2

[Event "Idaho Open"]
[Site "Boise, ID"]
[Date "2016.06.18"]
[Round "2.4"]
[White "Casey, Braxton Wallace"]
[Black "Inman, James"]
[Result "1-0"]
[WhiteElo "1576"]
[BlackElo "1814"]
[EventRounds "5"]
[EventCountry "USA"]

1. c4 c6 2. g3 d5 3. Bg2 Nf6 4. Nf3 Bf5 5. O-O e6 6. Qb3 Qb6 7. Qxb6 axb6 8.
cxd5 exd5 9. d3 Bd6 10. Be3 Nbd7 11. Nc3 O-O 12. Rfb1 h6 13. h3 Rfe8 14. b4
Ra3 15. Bd2 Bh7 16. Kf1 g5 17. Ne1 Be5 18. Rc1 Rea8 19. Nf3 Bxc3 20. Bxc3 Rxa2
21. Rxa2 Rxa2 22. Nd2 d4 23. Bxd4 Rxd2 24. Ra1 Kf8 25. Ke1 Rxd3 26. exd3 Bxd3
27. Ra7 Ba6 28. b5 Bxb5 29. Rxb7 c5 30. Bxf6 Nxf6 31. Rxb6 {#r} 1-0

[Event "Idaho Open"]
[Site "Boise, ID"]
[Date "2016.06.19"]
[Round "4.3"]
[White "Schwab, Kyle J"]
[Black "Inman, James"]
[Result "0-1"]
[WhiteElo "1108"]
[BlackElo "1814"]
[EventRounds "5"]
[EventCountry "USA"]

1. e4 c6 2. Nc3 d5 3. exd5 cxd5 4. d4 Nc6 5. Nf3 Nf6 6. Bg5 Bg4 7. Bxf6 gxf6
8. Be2 e6 9. h3 Bxf3 10. Bxf3 Qb6 11. Ne2 Qxb2 12. O-O Qb6 13. c3 Bd6 14. Rb1
Qc7 15. Qa4 O-O 16. c4 dxc4 17. Qxc4 Ne5 18. Qxc7 Nxf3+ 19. gxf3 Bxc7 20. Nc3
b6 21. Rbd1 Rfd8 22. d5 Be5 23. Ne2 exd5 24. f4 Bc7 25. Rc1 Rac8 26. f5 d4 27.
f4 b5 28. Ng3 Bxf4 29. Rxc8 Be3+ 30. Kh1 Rxc8 31. Ne4 Kg7 32. Nd6 Rb8 33. Rd1
a6 34. Rd3 Rd8 35. Ne4 Rc8 36. Kg2 Rc2+ 37. Kf3 Rxa2 38. Nc5 Rf2+ 39. Ke4 Rf4+
40. Kd5 Rxf5+ 41. Kd6 Re5 42. Nxa6 Re6+ 43. Kc5 Rxa6 44. Kxb5 Re6 45. Kc5 f5
46. Rb3 d3+ 47. Kc4 d2 48. Rb1 Rc6+ {#R} 0-1

[Event "Idaho Open"]
[Site "Boise, ID"]
[Date "2016.06.19"]
[Round "5.2"]
[White "Inman, James"]
[Black "Gorman, Cody"]
[Result "1-0"]
[WhiteElo "1814"]
[BlackElo "1873"]
[EventRounds "5"]
[EventCountry "USA"]

1. d4 e6 2. c4 b6 3. a3 Bb7 4. Nc3 f5 5. Nf3 Nf6 6. Bf4 Be7 7. h3 O-O 8. e3
Ne4 9. Qc2 g5 10. Bh2 d6 11. Nxe4 Bxe4 12. Bd3 Bxd3 13. Qxd3 Qe8 14. Nd2 Qh5
15. e4 Nd7 16. exf5 exf5 17. Qe2 Qxe2+ 18. Kxe2 Rfe8 19. Rhe1 Bf6+ 20. Kd3 Nf8
21. f4 h6 22. fxg5 hxg5 23. Rf1 f4 24. g3 Re3+ 25. Kc2 Bxd4 26. Bg1 Rxg3 27.
Bxd4 Rxh3 28. Rg1 Ne6 29. Bf6 Kf7 30. Bc3 Rg8 31. Rh1 Rxh1 32. Rxh1 g4 33. Kd1
Kg6 34. Ke1 Ng5 35. Rh4 Kf5 36. Rh6 Re8+ 37. Kf1 g3 38. Rf6+ Kg4 39. Rg6 f3
40. Nxf3 Kxf3 41. Rxg5 Rf8 42. Kg1 Rf4 43. Rg7 {(Time Forfeit)} {#r} 1-0